000 00395nam a2200145Ia 4500
008 230917s9999||||xx |||||||||||||| ||und||
040 _e125206
_aMAIN
041 _aEnglish
082 _a574.1929 G872P
100 _aGrierson, Don
245 0 _aBiosynthesis and manipulation of plant products
260 _aLondon
_bBlakie Academic & Professional
_c1993
300 _ax p. ; 253p.
942 _cBK
999 _c83437
_d83437